Statistics for All About That Bass - Meghan Trainor - All Lyrics

Click here to take the quiz!

General Stats

  • This quiz has been taken 103 times
  • The average score is 431 of 472

Answer Stats

Answer% Correct
a
100%
about
100%
(bass)
100%
bass
100%
bass,
100%
‘bout
100%
'bout
100%
'Bout
100%
I
100%
love
100%
no
100%
No,
100%
that
100%
(That
100%
all
99%
You
99%
you
99%
haha
98%
hey,
98%
I’m
98%
I'm
98%
ooh-ooh
98%
sha-ooh,
98%
Shoo,
98%
uh,
98%
wop-wop,
98%
wop-wop
98%
do
97%
like
97%
to
97%
treble
97%
know
95%
be
93%
Hey,
93%
hey,
93%
hey
93%
me
93%
the
93%
Yeah,
93%
booty)
92%
booty
92%
booty,
92%
boys
92%
don't
92%
in
92%
it,
92%
it
92%
momma
91%
your
91%
Because
90%
go
90%
Go
90%
my
90%
She
89%
she
89%
told
88%
worry
88%
and
86%
And
86%
beauty
86%
little
86%
size
85%
ain't
84%
can
84%
But
83%
shake
83%
then
82%
hold
81%
it's
81%
more
81%
on
81%
bottom
80%
every
80%
Every
80%
is
80%
top
80%
you're
80%
ahead
78%
from
78%
got
78%
perfect
78%
places
78%
says,
78%
supposed
78%
night
77%
right
77%
If
76%
if
76%
of
76%
So,
76%
inch
75%
make
75%
at
74%
come
74%
move
74%
'Cause
73%
‘Cause
73%
pretty
73%
stop
73%
'em
72%
two
72%
Barbie
70%
junk
70%
along
69%
clear,
69%
doll
69%
into
69%
shit
69%
tell
69%
that's
69%
won't
69%
boom
68%
real,
68%
see
68%
now,
66%
stick-figure,
66%
We
66%
Photoshop
65%
them
65%
just
64%
magazines
64%
think
63%
here
60%
skinny
59%
bitches
58%
fat
58%
silicone
58%
working
57%
chase
55%
up
55%
back
50%
bringing
48%
playing
48%
raise
48%
this
48%
what's
44%

Score Distribution

Percentile by Number Answered

Percent of People with Each Score

Your Score History

You have not taken this quiz